000 00396nam a2200133Ia 4500
008 240624s9999 xx 000 0 und d
041 _aeng
082 _a658.4038 ECL
100 _aESSVALE CORPORATION LIMITED
245 _aBUSINESS KNOWLEDGE FOR IT IN HEDGE FUNDS
260 _c2011
_aMumbai
_bShroff Publishers & Distributors Pvt.Ltd.
300 _axii, : 262 : p. : cm. ; 23
365 _cRS
_b25
999 _c19033
_d19033